000 02966cam a22005654a 4500
001 muse24332
003 MdBmJHUP
005 20210127151009.0
006 m o d
007 cr||||||||nn|n
008 130418r20132010enk o 00 0 eng d
020 _a9781920489779
020 _z9781920489755
020 _z9781920355241
035 _a(OCoLC)867796840
040 _aMdBmJHUP
_cMdBmJHUP
050 4 _aJZ5334.5.A35
_bC357 2010
100 1 _aChitiga, Rudo.
245 1 0 _aStrengthening Popular Participation in the African Union
_bA Guide to AU Structures and Processes
250 _a2nd imp. with minor corrections.
264 1 _bDistributed by African Minds,
264 3 _bProject MUSE,
300 _a1 online resource (1 electronic text vi, 66 p.) :
_bmap, digital file.
500 _a"Researched and written by Rudo Chitiga ... and Bronwen Manby"--P. v.
500 _aIssued as part of book collections on Project MUSE.
505 0 _aIntroduction : the purpose of this guide -- AU organs & institutions -- Influencing AU decisions & policies -- The union government debate -- Appendix 1. AU regions -- Appendix 2. Regional economic communities recognised by the African Union -- Appendix 3. Useful websites and contacts.
506 0 _aOpen Access
_fUnrestricted online access
_2star
520 _aThe African Union (AU) has committed to a vision of Africa that is 'integrated, prosperous and peaceful - driven by its own citizens, a dynamic force in the global arena' (Vision and Mission of the African Union, May 2004). This guide is an effort to take up the challenge of achieving this vision. It is a tool to assist activists to engage with AU policies and programmes. It describes the AU decision-making process and outlines the roles and responsibilities of the AU institutions. It also contains a sampling of the experiences of those non-governmental organisations (NGOs) that have interacted with the AU.
588 _aDescription based on print version record.
610 2 0 _aAfrican Union.
651 0 _aAfrica
_xPolitics and government.
650 0 _aNon-governmental organizations
_zAfrica.
655 0 _aElectronic books.
655 7 _aElectronic books.
_2local
700 1 _aManby, Bronwen.
710 2 _aAfriMAP.
710 2 _aOxfam.
710 2 _aProject Muse.
776 1 8 _iPrint version:
_z1920355243
_z9781920355241
710 2 _aProject Muse.
_edistributor
830 0 _aBook collections on Project MUSE.
856 4 0 _zFull text available:
_uhttps://muse.jhu.edu/book/18252/
945 _aProject MUSE - Archive Complete Supplement
945 _aProject MUSE - Archive African Studies Foundation
945 _aProject MUSE - Archive Political Science and Policy Studies Supplement
999 _c24253
_d24253